Library of the University of Algiers 3
Ibrahim Sultan Cheibout
شعار جامعة الجزائر 3
مكتبة جامعة الجزائر 3
إبراهيم سلطان شيبوط

التخطيط الاستراتيجي / (رقم التسجيلة. 44345)

تفاصيل مارك
000 -LEADER
fixed length control field 01621nam a2200253Ia 4500
003 - CONTROL NUMBER IDENTIFIER
control field Ost
005 - DATE AND TIME OF LATEST TRANSACTION
control field 20260507075408.0
008 - FIXED-LENGTH DATA ELEMENTS--GENERAL INFORMATION
fixed length control field 260507s9999||||xx |||||||||||||| ||und||
020 ## - INTERNATIONAL STANDARD BOOK NUMBER
International Standard Book Number 9775125333
040 ## - CATALOGING SOURCE
Transcribing agency fsecg
041 ## - LANGUAGE CODE
Language code of text/sound track or separate title ara
082 ## - DEWEY DECIMAL CLASSIFICATION NUMBER
Classification number 600
100 ## - MAIN ENTRY--PERSONAL NAME
Personal name صقر، نبيل حامد مرسي
Relator term مؤلف
245 #0 - TITLE STATEMENT
Title التخطيط الاستراتيجي /
Statement of responsibility, etc. نبيل حامد مرسي صقر
260 ## - PUBLICATION, DISTRIBUTION, ETC.
Place of publication, distribution, etc. الاسكندرية:
Name of publisher, distributor, etc. المكتب العربي الحديث,
Date of publication, distribution, etc. 2008
300 ## - PHYSICAL DESCRIPTION
Extent 329 صفحة؛
Other physical details إيضاحات ؛
Dimensions 24 سم
504 ## - BIBLIOGRAPHY, ETC. NOTE
Bibliography, etc. note المراجع ص.327
520 ## - SUMMARY, ETC.
Summary, etc. يضم خصائص نظام التخطيط الاستراتيجي، الرؤية والرسالة ، أنواع الأهداف لمنظمات الأعمال، مفهوم البيئة المحيطة بالمنظمة، تحليل البيئة التنافسية، تحليل أوجه القوة والضعف الداخلية، بعض الأدوات التحليلية التي تستخدم في اتخاذ القرارات الاستراتيجية، أنواع البدائل الاستراتيجية، ثقافة المنظمة، إعداد الهيكل التنظيمي، القيادة الادارية، إدارة الجودة الشاملة كمدخل لإسترتيجية التطوير التنظيمي، استراتيجية الخصخصة"التجربة المصرية" ، التخطيط القومي
653 ## - INDEX TERM--UNCONTROLLED
Uncontrolled term إتخاذ القرارات- الإدارة
653 ## - INDEX TERM--UNCONTROLLED
Uncontrolled term إدارة الأعمال
653 ## - INDEX TERM--UNCONTROLLED
Uncontrolled term التخطيط
653 ## - INDEX TERM--UNCONTROLLED
Uncontrolled term التخطيط - تنظيم وإدارة
942 ## - ADDED ENTRY ELEMENTS (KOHA)
Koha item type كتب
المقتنيات
Withdrawn status Lost status Source of classification or shelving scheme Damaged status Not for loan Home library Current library Date acquired Serial enumeration / chronology Inventory number Total checkouts Full call number Barcode Date last seen Price effective from Koha item type
    Dewey Decimal Classification   NOT LOAN / إعارة داخلية مكتبة كلية العلوم الإقتصادية والعلوم التجارية وعلوم التسيير مكتبة كلية العلوم الإقتصادية والعلوم التجارية وعلوم التسيير 07/05/2026 الطابق الأرضي 26748   أ/4408ن1 26748 07/05/2026 07/05/2026 كتب
    Dewey Decimal Classification   Available مكتبة كلية العلوم الإقتصادية والعلوم التجارية وعلوم التسيير مكتبة كلية العلوم الإقتصادية والعلوم التجارية وعلوم التسيير 07/05/2026 الطابق الأرضي 26749   أ/4408ن2 26749 07/05/2026 07/05/2026 كتب

موارد الويب المفتوحة


© University of Algiers 3 All Rights Reserved
|
Implemented by LECHELAH Riad